10 Words 20 Definitions VIII Quiz Stats

 Plays Quiz Updated Jul 11, 2017

Challenge
Share
Tweet
Embed
Score 0/20 Timer 02:00
14 Plays Today
% Correct
Pen
93.1%
Gate
92.6%
Foul
92.2%
Goal
92.1%
Foul
91.8%
Cast
90.9%
Bail
90.8%
Roll
90.5%
Whip
90.5%
Cast
89.7%
% Correct
Roll
89.6%
Court
89.4%
Pen
89%
Still
88.3%
Court
88.3%
Goal
87.1%
Gate
83.3%
Bail
81.6%
Whip
81.6%
Still
70%

You're not logged in!

Compare scores with friends on all Sporcle quizzes.
Join for Free
OR
Log In

You Might Also Like...

Show Comments

Extras

Top Quizzes Today


Score Distribution

Your Account Isn't Verified!

In order to create a playlist on Sporcle, you need to verify the email address you used during registration. Go to your Sporcle Settings to finish the process.

Report this User

Report this user for behavior that violates our Community Guidelines.

Details: